00456 2200157 4500001002100000008004100021035002000062245006200082100002000144260004500164300002700209020002200236084001700258082001100275990001200286INLIS000000000001415 Ind  a0010-0924000012 aEnsiklopedia Desa Pertambangan dan GaliancDeden M. Sahid aSahid, Deden M. aJakartabPT. Educarindo Compumediac2016 a136 hlm.c17,5 x 25 cm a978-979-3901-83-1 a669.03 DED e a669.03 a0750916